VALORANT Weapons - Statistics

General Stats
  • This quiz has been taken 2,428 times
    2,115 since last reset
  • The average score is 17 of 19
Answer Stats
Cost Weapon % Correct
0 Knife
97%
0 Classic
96%
500 Ghost
96%
800 Sheriff
95%
450 Frenzy
94%
2900 Phantom
94%
300 Shorty
94%
2900 Vandal
94%
4700 Operator
92%
1600 Spectre
92%
850 Bucky
91%
2050 Bulldog
90%
2250 Guardian
90%
950 Marshal
90%
3200 Odin
90%
1100 Stinger
90%
1850 Judge
89%
1600 Ares
87%
2400 Outlaw
83%
No matching quizzes found
Score Distribution
Percent of People with Each Score
Percentile by Number Answered
Your Score History
You have not taken this quiz since the last reset